Návrh riešenia na zlepšenie riadenia projektov v podniku Johns Manville Slovakia, a.s.

Salvato in:
Dettagli Bibliografici
Autore principale: Kršák, Adam (Autore)
Altri autori: Samáková, Jana (Relatore della tesi)
Natura: Manoscritto Libro
Lingua:slovacco
Pubblicazione: 2023
Soggetti:
Accesso online:http://is.stuba.sk/zp/portal_zp.pl?podrobnosti=172816
Tags: Aggiungi Tag
Nessun Tag, puoi essere il primo ad aggiungerne!!

MARC

LEADER 00000ntm a22000003a 4500
001 stuzp93564
003 SK-STU
005 20230909215431.8
007 ta
008 150427s2015----xo-----f-mn---000-0-slo-d
040 |a STU  |b slo 
041 0 |a slo 
100 1 |a Kršák, Adam  |u 064000  |4 aut  |U MTF Materiálovotechnologická fakulta  |T MTF Ústav priemyselného inžinierstva a manažmentu  |X 96715  |U M4000  |Y 84  |7 96715 
242 0 1 |a Proposal of a solution to improve the management of projects in the company Johns Manville Slovakia, a.s.  |y eng 
245 1 0 |a Návrh riešenia na zlepšenie riadenia projektov v podniku Johns Manville Slovakia, a.s. 
260 |c 2023 
650 4 |a agilné vzdelávanie  |2 slo 
650 4 |a Gantt diagram  |2 slo 
650 4 |a šprint  |2 slo 
650 4 |a projektové riadenie  |2 slo 
650 4 |a project management  |2 eng 
650 4 |a agile learning  |2 eng 
650 4 |a Gantt chart  |2 eng 
650 4 |a sprint  |2 eng 
700 1 |a Samáková, Jana  |u 064000  |k Z1  |4 ths  |U MTF Materiálovotechnologická fakulta  |T MTF Ústav priemyselného inžinierstva a manažmentu  |X 33101  |U M4000  |Y 84  |7 A000033101 
856 4 |u http://is.stuba.sk/zp/portal_zp.pl?podrobnosti=172816 
996 |c M* DP-15163  |l MMSKP  |s P  |a 0  |w stuzp93564_0001